[Event "PRO League Group Stage"]
[Site "chess.com INT"]
[Date "2020.02.06"]
[Round "5"]
[White "Hammer, Jon Ludvig"]
[Black "Gajewski, Grzegorz"]
[Result "1-0"]
[WhiteTitle "GM"]
[BlackTitle "GM"]
[WhiteElo "2628"]
[BlackElo "2614"]
[WhiteTeam "Norway Gnomes"]
[BlackTeam "Poland Hussars"]
[WhiteFideId "1503707"]
[BlackFideId "1116207"]
[EventDate "2020.01.06"]

1. c4 e6 2. d4 d5 3. Nc3 Nf6 4. cxd5 exd5 5. Bg5 c6 6. e3 h6 7. Bh4 Bf5 8. Qf3
Be6 9. Bxf6 Qxf6 10. Qxf6 gxf6 11. Nf3 a5 12. Bd3 a4 13. a3 Nd7 14. Ne2 Nb6 15.
Nf4 Bd6 16. Nh5 Ke7 17. Nh4 Rhg8 18. Ng3 Kd7 19. Nhf5 Bxf5 20. Nxf5 Nc4 21. Bxc4
dxc4 22. g3 h5 23. Rc1 b5 24. Ke2 Rae8 25. Kf3 Bc7 26. h3 Rg5 27. e4 Bb6 28.
Rhd1 Rxf5+ 29. exf5 Kd6 30. Rc3 Rd8 31. Re3 Rd7 32. Re8 Kc7 33. Ke4 c5 34. d5 b4
35. h4 c3 36. bxc3 b3 37. g4 1-0

[Event "PRO League Group Stage"]
[Site "chess.com INT"]
[Date "2020.02.06"]
[Round "5"]
[White "Dragun, Kamil"]
[Black "Niemann, Hans Moke"]
[Result "1-0"]
[WhiteTitle "GM"]
[BlackTitle "IM"]
[WhiteElo "2587"]
[BlackElo "2465"]
[WhiteTeam "Poland Hussars"]
[BlackTeam "Norway Gnomes"]
[WhiteFideId "1134167"]
[BlackFideId "2093596"]
[EventDate "2020.01.06"]

1. d4 Nf6 2. c4 g6 3. Nc3 Bg7 4. e4 c5 5. d5 d6 6. Nf3 O-O 7. h3 Na6 8. Bd3 Nc7
9. O-O e5 10. a3 Nh5 11. b4 b6 12. Re1 Nf4 13. Bf1 g5 14. g3 Nxh3+ 15. Bxh3 Bxh3
16. Nxg5 Bd7 17. Qh5 h6 18. Nf3 f5 19. Bxh6 f4 20. Bxg7 Kxg7 21. Ng5 Qe8 22.
Qh7+ Kf6 23. Qh6+ Qg6 24. Nh7+ Kf7 25. Qxg6+ Kxg6 26. Nxf8+ Rxf8 27. gxf4 Rxf4
28. Re3 Ne8 29. Rg3+ Kf7 30. Kg2 Nf6 31. f3 Nh5 32. Rg5 Rh4 33. Ne2 Bh3+ 34. Kf2
Bd7 35. Rag1 Ba4 36. Ke3 Bb3 37. Kd3 Rh3 38. Rf5+ Ke7 39. Rgg5 Nf4+ 40. Nxf4
Rxf3+ 41. Ke2 Rxf4 42. Rg7+ Ke8 43. Rxf4 Bxc4+ 44. Kf3 exf4 45. Rxa7 Bb3 46.
Kxf4 c4 47. Ke3 c3 48. Rb7 c2 49. Kd2 1-0

[Event "PRO League Group Stage"]
[Site "chess.com INT"]
[Date "2020.02.06"]
[Round "5"]
[White "Diaz Camallonga, Carles"]
[Black "Admiraal, Miguoel"]
[Result "1/2-1/2"]
[WhiteTitle "IM"]
[BlackTitle "IM"]
[WhiteElo "2474"]
[BlackElo "2498"]
[WhiteTeam "Spain Raptors"]
[BlackTeam "Netherlands Mosquitoes"]
[WhiteFideId "22235256"]
[BlackFideId "1019716"]
[EventDate "2020.01.06"]

1. e4 c6 2. Nf3 d5 3. Nc3 Qa5 4. Be2 dxe4 5. Nxe4 Bf5 6. Ng3 Bg6 7. O-O Nd7 8.
d4 e6 9. Bf4 Ngf6 10. c3 Be7 11. Nd2 O-O 12. a4 Nd5 13. Nc4 Qd8 14. Bd2 c5 15.
Ne3 Nf4 16. Bf3 cxd4 17. cxd4 Bd3 18. Re1 Ba6 19. Bc3 Nf6 20. Qd2 N4d5 21. Ne4
Rc8 22. Nxf6+ Bxf6 23. Nxd5 exd5 24. Qf4 Bc4 25. a5 Qc7 26. Qxc7 1/2-1/2

[Event "PRO League Group Stage"]
[Site "chess.com INT"]
[Date "2020.02.06"]
[Round "5"]
[White "Forcen Esteban, Daniel"]
[Black "Klein, David"]
[Result "1-0"]
[WhiteTitle "GM"]
[BlackTitle "GM"]
[WhiteElo "2548"]
[BlackElo "2495"]
[WhiteTeam "Spain Raptors"]
[BlackTeam "Netherlands Mosquitoes"]
[WhiteFideId "2288230"]
[BlackFideId "1003623"]
[EventDate "2020.01.06"]

1. e4 e5 2. Bc4 Nf6 3. Nc3 Bb4 4. Qf3 c6 5. Nge2 b5 6. Bb3 Na6 7. a3 Bxc3 8.
Nxc3 O-O 9. d3 Nc5 10. Ba2 d6 11. Be3 a5 12. Ne2 Qe7 13. Ng3 Na4 14. Rb1 Ng4 15.
Bd2 Be6 16. Nf5 Bxf5 17. exf5 Qh4 18. h3 Nf6 19. Qxc6 Rac8 20. Qxb5 Rxc2 21. g3
Qd4 22. Be3 Nc3 23. Bxd4 Nxb5 24. Be3 a4 25. Bc4 Rb8 26. O-O d5 27. Ba2 d4 28.
Bg5 h6 29. Bxf6 gxf6 30. Bd5 Nd6 31. g4 Kg7 32. Rfc1 Rbxb2 33. Rxc2 Rxb1+ 34.
Kg2 Rb5 35. Ba2 e4 36. Rc6 Rb2 37. Rxd6 Rxa2 38. dxe4 Rxa3 39. Rxd4 Ra1 40. Kg3
a3 41. Ra4 Rg1+ 42. Kf4 Ra1 43. h4 a2 44. Ra8 Rh1 45. Rxa2 Rxh4 46. f3 Rh1 47.
Ra7 Re1 48. Ra6 Re2 49. Ra5 Re1 50. Kg3 Re2 51. Ra3 Re1 52. Kf2 Rb1 53. f4 Rb4
54. Kf3 Rb1 55. e5 Re1 56. Re3 Rf1+ 57. Kg3 fxe5 58. fxe5 Ra1 59. Kf4 Ra4+ 60.
Re4 Ra1 61. Rb4 Rf1+ 62. Ke4 Re1+ 63. Kd5 Rd1+ 64. Rd4 Re1 65. Kd6 Kf8 66. Rd5
Re4 67. e6 fxe6 68. fxe6 Rxg4 69. Kd7 Re4 70. Rf5+ Kg7 71. e7 Kg6 72. Rd5 Kf7
73. Rf5+ Kg6 74. Rf8 Rd4+ 75. Ke6 Re4+ 76. Kd6 h5 77. e8=Q+ Rxe8 78. Rxe8 Kf5
79. Kd5 h4 80. Rf8+ Kg4 81. Ke4 Kg3 82. Rg8+ Kf2 83. Rf8+ Kg3 84. Ke3 Kg2 85.
Rg8+ Kh3 86. Kf3 Kh2 87. Rh8 h3 88. Kg4 Kg2 89. Rxh3 Kf2 90. Kf4 Ke2 91. Ke4 Kd2
92. Rg3 Ke2 93. Rg2+ Kd1 94. Ke3 Ke1 95. Rg1# 1-0

[Event "PRO League Group Stage"]
[Site "chess.com INT"]
[Date "2020.02.06"]
[Round "5"]
[White "Ducarmon, Quinten"]
[Black "Herrera Reyes, Jose Antonio"]
[Result "0-1"]
[WhiteTitle "IM"]
[BlackTitle "FM"]
[WhiteElo "2486"]
[BlackElo "2304"]
[WhiteTeam "Netherlands Mosquitoes"]
[BlackTeam "Spain Raptors"]
[WhiteFideId "1025007"]
[BlackFideId "2274914"]
[EventDate "2020.01.06"]

1. e4 c5 2. Nf3 e6 3. d4 cxd4 4. Nxd4 a6 5. Be2 Qc7 6. O-O Nf6 7. Nc3 d6 8. f4
Be7 9. Qd3 Nbd7 10. Qg3 h5 11. Bf3 g6 12. Be3 h4 13. Qf2 h3 14. g3 e5 15. Nde2
b5 16. a4 b4 17. Nd5 Nxd5 18. exd5 O-O 19. Bg4 Nf6 20. Bxc8 Raxc8 21. fxe5 dxe5
22. Qf3 e4 23. Qf4 Nxd5 24. Qxe4 Nxe3 25. Qxe3 Bc5 26. Nd4 Qb7 27. Rf2 Rfe8 28.
Qf4 Re4 0-1

[Event "PRO League Group Stage"]
[Site "chess.com INT"]
[Date "2020.02.06"]
[Round "5"]
[White "Van der Lende, Ilias"]
[Black "Martinez Reyes, Pedro Ramon"]
[Result "1-0"]
[WhiteTitle "IM"]
[BlackTitle "FM"]
[WhiteElo "2393"]
[BlackElo "2407"]
[WhiteTeam "Netherlands Mosquitoes"]
[BlackTeam "Spain Raptors"]
[WhiteFideId "1019260"]
[BlackFideId "3901807"]
[EventDate "2020.01.06"]

1. e4 e6 2. d4 d5 3. Nd2 Nf6 4. Bd3 c5 5. c3 cxd4 6. cxd4 Nc6 7. e5 Nd7 8. Ne2
f6 9. exf6 Nxf6 10. Nf3 Bd6 11. O-O O-O 12. Re1 Ng4 13. Ng3 e5 14. Qb3 Nxd4 15.
Nxd4 exd4 16. Qxd5+ Kh8 17. Bg5 Nf6 18. Qf3 Bxg3 19. Qxg3 Bd7 20. Qh4 h6 21.
Bxh6 gxh6 22. Qxh6+ Kg8 23. Qg6+ Kh8 24. Re5 Bg4 25. Qh6+ Kg8 26. Rg5+ Kf7 27.
Re1 Rg8 28. Bg6+ Rxg6 29. Qxg6+ Kf8 30. Qg7# 1-0

[Event "PRO League Group Stage"]
[Site "chess.com INT"]
[Date "2020.02.06"]
[Round "5"]
[White "Bartel, Mateusz"]
[Black "Hammer, Jon Ludvig"]
[Result "1/2-1/2"]
[WhiteTitle "GM"]
[BlackTitle "GM"]
[WhiteElo "2639"]
[BlackElo "2628"]
[WhiteTeam "Poland Hussars"]
[BlackTeam "Norway Gnomes"]
[WhiteFideId "1112635"]
[BlackFideId "1503707"]
[EventDate "2020.01.06"]

1. e4 e5 2. Nf3 Nc6 3. Bb5 Nf6 4. O-O Nxe4 5. Re1 Nd6 6. Nxe5 Be7 7. Bf1 Nxe5 8.
Rxe5 O-O 9. d4 Ne8 10. d5 Bc5 11. Be3 d6 12. Bxc5 dxc5 13. Nc3 Nd6 1/2-1/2

[Event "PRO League Group Stage"]
[Site "chess.com INT"]
[Date "2020.02.06"]
[Round "5"]
[White "Gajewski, Grzegorz"]
[Black "Christiansen, Johan-Sebastian"]
[Result "1/2-1/2"]
[WhiteTitle "GM"]
[BlackTitle "GM"]
[WhiteElo "2614"]
[BlackElo "2600"]
[WhiteTeam "Poland Hussars"]
[BlackTeam "Norway Gnomes"]
[WhiteFideId "1116207"]
[BlackFideId "1512668"]
[EventDate "2020.01.06"]

1. d4 d5 2. Nf3 Nf6 3. e3 e6 4. Bd3 b6 5. b3 Bb7 6. Bb2 Bd6 7. Nbd2 O-O 8. Ne5
Nbd7 9. Qf3 c5 10. Qh3 Ne4 11. Nxd7 Qxd7 12. dxc5 Bxc5 13. O-O-O Qe7 14. f3 Ng5
15. Qh5 f5 16. h4 Nf7 17. g4 g6 18. gxf5 gxh5 19. f6 Qd6 20. Rdg1+ Kh8 21. Rg7
Bxe3 22. Rxh7+ Kg8 23. Rg7+ Kh8 1/2-1/2

[Event "PRO League Group Stage"]
[Site "chess.com INT"]
[Date "2020.02.06"]
[Round "5"]
[White "Erigaisi, Arjun"]
[Black "Dragun, Kamil"]
[Result "1/2-1/2"]
[WhiteTitle "GM"]
[BlackTitle "GM"]
[WhiteElo "2575"]
[BlackElo "2587"]
[WhiteTeam "Norway Gnomes"]
[BlackTeam "Poland Hussars"]
[WhiteFideId "35009192"]
[BlackFideId "1134167"]
[EventDate "2020.01.06"]

1. c4 Nf6 2. Nc3 c5 3. Nf3 Nc6 4. g3 g6 5. Bg2 d6 6. d4 cxd4 7. Nxd4 Bd7 8. O-O
Bg7 9. b3 Nxd4 10. Qxd4 Bc6 11. Bb2 O-O 12. Qd2 Bxg2 13. Kxg2 a6 14. Rfd1 Qd7
15. Nd5 Nxd5 16. Bxg7 Kxg7 17. Qxd5 Qc6 18. e4 Rfc8 19. Rac1 Qxd5 20. cxd5 a5
21. Kf3 a4 22. b4 Kf8 23. Ke3 Ke8 24. Kd4 Kd7 25. f4 b5 26. a3 Rxc1 27. Rxc1 Rc8
28. Rxc8 Kxc8 29. e5 Kd7 30. g4 f6 31. Ke4 Ke8 32. h4 Kf7 33. h5 Kg7 34. hxg6
hxg6 35. exd6 exd6 36. g5 1/2-1/2

[Event "PRO League Group Stage"]
[Site "chess.com INT"]
[Date "2020.02.06"]
[Round "5"]
[White "Niemann, Hans Moke"]
[Black "Czarnota, Pawel"]
[Result "1-0"]
[WhiteTitle "IM"]
[BlackTitle "GM"]
[WhiteElo "2465"]
[BlackElo "2502"]
[WhiteTeam "Norway Gnomes"]
[BlackTeam "Poland Hussars"]
[WhiteFideId "2093596"]
[BlackFideId "1121219"]
[EventDate "2020.01.06"]

1. Nf3 Nf6 2. c4 g6 3. b3 Bg7 4. Bb2 O-O 5. g3 d6 6. d4 c6 7. Bg2 Qa5+ 8. Nc3
Qh5 9. h3 Re8 10. b4 Qf5 11. g4 Qd7 12. e4 e5 13. O-O h5 14. g5 Nh7 15. dxe5
dxe5 16. Qxd7 Nxd7 17. Rfd1 a5 18. a3 Nb6 19. Bf1 Be6 20. c5 Nc4 21. Rab1 axb4
22. axb4 Nxb2 23. Rxb2 Ra3 24. Rd3 Rea8 25. h4 Nf8 26. Nd2 Ra1 27. Kg2 Bg4 28.
f3 Be6 29. Rd6 R1a3 30. Rc2 Ra1 31. Be2 Nd7 32. Bc4 Nf8 33. Be2 Bc8 34. Nc4 Ne6
35. Nb6 Nf4+ 36. Kf2 Be6 37. Nxa8 Rxa8 38. Bf1 Bf8 39. Rd1 Be7 40. Rcc1 Ra3 41.
Kg3 Rb3 42. b5 Kg7 43. bxc6 bxc6 44. Na4 Ra3 45. Nb2 Ra5 46. Nd3 Nxd3 47. Bxd3
Bb3 48. Bc2 Be6 49. Bd3 Bb3 50. Rf1 Bxc5 51. Bc4 Bxc4 52. Rxc4 Be3 53. Rxc6 Ra2
54. Rf6 Rb2 55. Rd1 Bf4+ 56. Rxf4 exf4+ 57. Kxf4 Rb3 58. Re1 Kf8 59. Re3 Rb5 60.
Rd3 Ke7 61. Ra3 Rc5 62. Ke3 Rc1 63. Kd4 Rh1 64. Ke5 Rxh4 65. Ra7+ Kf8 66. f4 Kg7
67. f5 gxf5 68. exf5 Rh1 69. g6 Re1+ 70. Kf4 Rf1+ 71. Kg5 Rg1+ 72. Kxh5 Rh1+ 73.
Kg5 Rg1+ 74. Kf4 Rf1+ 75. Ke4 Re1+ 76. Kd3 Re8 77. Rxf7+ Kh6 78. g7 Rg8 79. f6
Kg6 80. Rf8 Kh7 81. Rxg8 Kxg8 82. Ke4 Kf7 83. Kf5 Kg8 84. Ke6 1-0

[Event "PRO League Group Stage"]
[Site "chess.com INT"]
[Date "2020.02.06"]
[Round "5"]
[White "Moiseenko, Alexander"]
[Black "Amin, Bassem"]
[Result "0-1"]
[WhiteTitle "GM"]
[BlackTitle "GM"]
[WhiteElo "2620"]
[BlackElo "2673"]
[WhiteTeam "Italy Gladiators"]
[BlackTeam "Sweden Wasabis"]
[WhiteFideId "14102560"]
[BlackFideId "10601457"]
[EventDate "2020.01.06"]

1. d4 Nf6 2. c4 g6 3. Nc3 Bg7 4. e4 d6 5. Bd3 O-O 6. Nge2 Nc6 7. O-O e5 8. d5
Nd4 9. Nxd4 exd4 10. Ne2 Nd7 11. b4 a5 12. b5 Nc5 13. Bb2 Qg5 14. Kh1 f5 15. f4
Qe7 16. exf5 Nxd3 17. Qxd3 Bxf5 18. Qd2 Qe3 19. Rad1 Bg4 20. Nxd4 Rae8 21. Ne6
Qxd2 22. Rxd2 Bxe6 23. Bxg7 Kxg7 24. dxe6 Rxe6 25. g3 b6 26. Kg2 Rfe8 27. Rc2
Kf6 28. Rff2 h5 29. Rc3 Re1 30. Kf3 R8e7 31. h4 Kf5 32. Rd2 Rf1+ 33. Kg2 Rb1 34.
Rd5+ Kf6 35. Rd2 Ree1 36. Kf3 Rf1+ 37. Ke4 Ke6 38. Kd4 Rbe1 39. Rdd3 Kd7 40. Re3
Rd1+ 41. Rcd3 Rxd3+ 42. Rxd3 Rf2 43. a3 Rc2 44. Re3 Rc1 45. Rd3 a4 46. Re3 Rc2
47. Rd3 c6 48. bxc6+ Kxc6 49. Re3 Rb2 50. Re6 Rb3 51. Rxg6 Rxa3 52. f5 Rf3 53.
Ke4 a3 54. Rg8 Rc3 55. Kd4 a2 56. Ra8 Rxg3 57. Rxa2 Rg4+ 58. Kd3 Rf4 59. Ra8
Rxf5 60. Rc8+ Kd7 61. Rh8 d5 62. cxd5 Rxd5+ 63. Kc4 Rc5+ 64. Kb4 Rf5 65. Rh6 Kc7
66. Kc4 Kb7 67. Kb4 Ka6 68. Kb3 Kb5 69. Rh7 Kc6 70. Kc3 b5 71. Kb3 Kd5 72. Rg7
Ke4 73. Kb4 Kf3 74. Rg1 Rf4+ 75. Kxb5 Rxh4 76. Rg5 Kf4 77. Rc5 Rh1 78. Kb4 h4
79. Rc4+ Ke3 80. Rc3+ Kd2 81. Rc4 h3 82. Kb3 h2 83. Rc2+ Kd3 84. Kb2 Rb1+ 85.
Kxb1 h1=Q+ 86. Kb2 Qb7+ 87. Kc1 Qb4 0-1

[Event "PRO League Group Stage"]
[Site "chess.com INT"]
[Date "2020.02.06"]
[Round "5"]
[White "Moroni, Luca Jr"]
[Black "Grandelius, Nils"]
[Result "0-1"]
[WhiteTitle "GM"]
[BlackTitle "GM"]
[WhiteElo "2532"]
[BlackElo "2673"]
[WhiteTeam "Italy Gladiators"]
[BlackTeam "Sweden Wasabis"]
[WhiteFideId "865834"]
[BlackFideId "1710400"]
[EventDate "2020.01.06"]

1. d4 Nf6 2. c4 g6 3. g3 Bg7 4. Bg2 d5 5. cxd5 Nxd5 6. Nf3 Nb6 7. Nc3 Nc6 8. e3
e5 9. d5 Ne7 10. e4 c6 11. O-O cxd5 12. exd5 O-O 13. Re1 Nexd5 14. Nxd5 Qxd5 15.
Qxd5 Nxd5 16. a3 e4 17. Rxe4 Bf5 18. Re1 Rfe8 19. Rd1 Nb6 20. Be3 Bxb2 21. Ra2
Na4 22. Nd4 Nc3 23. Rxb2 Nxd1 24. Rxb7 Nxe3 25. fxe3 Be4 26. Bxe4 Rxe4 27. Kf2
a6 28. Rc7 Rae8 29. Rc3 Kg7 30. Kf3 R4e5 31. Nc2 Rf5+ 32. Ke2 Rf6 33. Nb4 Re5
34. Nc6 Ref5 35. h4 Rf2+ 36. Kd3 Rg2 37. Ne7 Rd6+ 38. Kc4 Rxg3 39. Kc5 Re6 40.
Nd5 Rg4 41. Nc7 Re5+ 42. Kd6 Ree4 43. Kd7 Rxh4 44. Ne8+ Kh6 45. Nd6 f5 46. Rc6
Kg5 47. Rxa6 Rxe3 48. a4 Ra3 49. a5 Rha4 50. Nf7+ Kf4 0-1

[Event "PRO League Group Stage"]
[Site "chess.com INT"]
[Date "2020.02.06"]
[Round "5"]
[White "Hellers, Ferdinand"]
[Black "Valsecchi, Alessio"]
[Result "1/2-1/2"]
[WhiteTitle "GM"]
[BlackTitle "GM"]
[WhiteElo "2592"]
[BlackElo "2512"]
[WhiteTeam "Sweden Wasabis"]
[BlackTeam "Italy Gladiators"]
[WhiteFideId "1700022"]
[BlackFideId "818860"]
[EventDate "2020.01.06"]

1. e4 e5 2. Nf3 Nc6 3. Bb5 a6 4. Ba4 Nf6 5. O-O b5 6. Bb3 Bc5 7. a4 Rb8 8. axb5
axb5 9. d3 d6 10. Nc3 Bg4 11. h3 Bxf3 12. Qxf3 Nd4 13. Qg3 O-O 14. Bh6 Ne8 15.
Bg5 Qd7 16. Kh1 Nxb3 17. cxb3 c6 18. Be3 f6 19. f4 Bxe3 20. Qxe3 b4 21. Ne2 c5
22. Ng3 Nc7 23. Ra7 Nd5 24. Rxd7 Nxe3 25. Rf3 exf4 26. Rxf4 Rbd8 27. Ra7 Rf7 28.
Ra6 d5 29. Nf5 Nxf5 30. Rxf5 dxe4 31. dxe4 Rc8 32. Ra5 Re7 33. Raxc5 Rxc5 34.
Rxc5 Rxe4 35. Rb5 Kf7 36. Kg1 g5 37. Kf2 h5 38. Kf3 Rf4+ 39. Ke3 h4 40. Rc5 Rf1
41. Rc4 Rb1 42. Rxb4 Rxb2 43. Kf3 Kg6 44. Rb6 Rc2 45. b4 Rc3+ 46. Kf2 Kf5 47.
Rd6 Rb3 48. Rd4 Ke5 49. Rg4 Kd5 50. Ke2 Rb2+ 51. Kf3 Rc2 52. Ke3 Rb2 53. Kd3
Rb3+ 54. Kc2 Ra3 55. Kd2 Ra8 56. Kd3 Ra3+ 57. Kd2 Kc6 58. Ke2 Rb3 59. Re4 Kd5
60. Rg4 f5 61. Rxg5 Ke4 62. Rh5 Rb2+ 63. Kf1 Ke3 64. Kg1 Rb1+ 65. Kh2 Rxb4 66.
Rxf5 Ra4 67. Rf3+ Ke4 68. Rf8 Ke5 69. Kg1 Rb4 70. Kf2 Rf4+ 71. Rxf4 Kxf4 72. Ke2
Ke4 73. Kf2 Kf4 74. Kf1 Kf5 75. Kf2 Kf4 1/2-1/2

[Event "PRO League Group Stage"]
[Site "chess.com INT"]
[Date "2020.02.06"]
[Round "5"]
[White "Berg, Emanuel"]
[Black "Lodici, Lorenzo"]
[Result "1/2-1/2"]
[WhiteTitle "GM"]
[BlackTitle "IM"]
[WhiteElo "2544"]
[BlackElo "2477"]
[WhiteTeam "Sweden Wasabis"]
[BlackTeam "Italy Gladiators"]
[WhiteFideId "1704060"]
[BlackFideId "884189"]
[EventDate "2020.01.06"]

1. e4 e5 2. Nf3 Nc6 3. d4 exd4 4. Nxd4 Bc5 5. Be3 Qf6 6. c3 Qg6 7. Nb5 Bxe3 8.
Nxc7+ Kd8 9. Nxa8 Bh6 10. f3 b6 11. Na3 Bb7 12. Nxb6 axb6 13. Nb5 Bf4 14. g3 Bb8
15. Qd2 Qe6 16. b3 Nf6 17. O-O-O Ne5 18. Bg2 Qc6 19. Nd4 Qc5 20. Kb2 Nc6 21.
Rhe1 Re8 22. f4 Nxd4 23. Qxd4 Qxd4 24. Rxd4 d6 25. Re2 Kc7 26. e5 Bxg2 27. exd6+
Kd7 28. Rxg2 Bxd6 29. Rgd2 Ne4 30. R2d3 f5 31. a4 Ke6 32. b4 Rc8 33. Kb3 Be7 34.
Rd5 Rxc3+ 35. Rxc3 Kxd5 36. Rc8 Nd6 37. Rc7 Bf6 38. a5 bxa5 39. bxa5 Bd8 40. Ra7
Kc6 41. Rxg7 Bxa5 42. Kc2 h5 43. Rh7 Kd5 44. Kd3 Ne4 45. Rxh5 Ke6 46. Ke3 Bb6+
47. Kf3 Nf6 48. Rh8 Bc7 49. h3 Nd5 50. Rh6+ Ke7 51. Rh7+ Ke6 52. Rh6+ Ke7 53.
Rc6 Bd6 54. Ra6 Ke6 55. h4 Nf6 56. Rb6 Ke7 57. Rb5 Ke6 58. Ra5 Bc7 59. Ra8 Bd6
60. Rh8 Kf7 61. Rd8 Be7 62. Rb8 Ke6 63. Rb1 Bd6 64. Rh1 Kf7 65. Ke3 Bc5+ 66. Ke2
Bd6 67. Rd1 Be7 68. Rc1 Bd6 69. Ke3 Ke6 70. Rc8 Kf7 71. Ra8 Be7 72. Ra6 Nh5 73.
Kf3 Nf6 74. Rc6 Bf8 75. Rc7+ Be7 76. Ra7 Ke6 77. Ra6+ Kf7 78. Ra5 Kg6 79. Re5
Bf8 80. Kg2 Bg7 81. Kh3 Nh5 82. Rxf5 Kxf5 83. g4+ Kxf4 84. gxh5 Bh6 85. Kg2 Kg4
86. Kh2 Kxh4 87. Kh1 Kxh5 1/2-1/2

[Event "PRO League Group Stage"]
[Site "chess.com INT"]
[Date "2020.02.06"]
[Round "5"]
[White "Admiraal, Miguoel"]
[Black "Forcen Esteban, Daniel"]
[Result "0-1"]
[WhiteTitle "IM"]
[BlackTitle "GM"]
[WhiteElo "2498"]
[BlackElo "2548"]
[WhiteTeam "Netherlands Mosquitoes"]
[BlackTeam "Spain Raptors"]
[WhiteFideId "1019716"]
[BlackFideId "2288230"]
[EventDate "2020.01.06"]

1. d4 e6 2. Nf3 Nf6 3. Bg5 c5 4. e3 h6 5. Bh4 b6 6. Nbd2 Bb7 7. Bd3 Be7 8. c3 d5
9. Ne5 O-O 10. Bxf6 Bxf6 11. f4 Ba6 12. Bxa6 Nxa6 13. Qe2 Nb8 14. Ndf3 Nd7 15.
h4 Bxe5 16. dxe5 f6 17. exf6 Nxf6 18. O-O-O Ne4 19. Rh3 b5 20. Kb1 c4 21. Nd4
Qe8 22. g4 Rb8 23. g5 h5 24. Qc2 b4 25. cxb4 Rxb4 26. Ne2 Nf2 27. Rh2 Nxd1 28.
Qxd1 Qg6+ 29. Ka1 Qd3 30. Qc1 e5 31. Nc3 d4 32. Nd5 Ra4 33. Rd2 Qb3 34. Qb1 c3
35. Ne7+ Kf7 36. Qf5+ Kxe7 37. Qxe5+ Kf7 0-1

[Event "PRO League Group Stage"]
[Site "chess.com INT"]
[Date "2020.02.06"]
[Round "5"]
[White "Klein, David"]
[Black "Diaz Camallonga, Carles"]
[Result "1/2-1/2"]
[WhiteTitle "GM"]
[BlackTitle "IM"]
[WhiteElo "2495"]
[BlackElo "2474"]
[WhiteTeam "Netherlands Mosquitoes"]
[BlackTeam "Spain Raptors"]
[WhiteFideId "1003623"]
[BlackFideId "22235256"]
[EventDate "2020.01.06"]

1. e4 e6 2. d4 d5 3. Nd2 c5 4. Ngf3 cxd4 5. Nxd4 Nf6 6. exd5 Nxd5 7. N2f3 Bb4+
8. Bd2 O-O 9. c3 Bd6 10. Qc2 b6 11. Bd3 h6 12. O-O-O Ba6 13. c4 Nf6 14. Kb1 Qc7
15. Bc3 Bxc4 16. Bxc4 Qxc4 17. Nxe6 fxe6 18. Bxf6 Qxc2+ 19. Kxc2 Bc5 20. Bd4 Na6
21. Rhe1 Rac8 22. Kb1 Rc6 23. Ne5 Rd6 24. Bxc5 Rxd1+ 25. Rxd1 Nxc5 26. f3 Rf5
27. Nc6 Rf7 28. Rd8+ Kh7 29. b4 Rc7 30. Nxa7 Rxa7 31. bxc5 bxc5 32. Rd6 Rb7+ 33.
Kc2 Ra7 34. Kb3 Rb7+ 35. Kc3 Ra7 36. Rd2 Kg6 37. Kc4 Ra5 38. Kb3 Kf6 39. Re2 Ke7
40. Rd2 Ra6 41. a4 Rb6+ 42. Kc3 Ra6 43. Ra2 Ra5 44. Kc4 Kd6 45. Ra3 Kc6 46. Ra1
Kd6 47. Ra3 Kc6 48. Ra2 Kd6 49. Rd2+ Kc6 50. Kb3 Ra7 51. Rd8 Rb7+ 52. Kc3 Ra7
53. Rc8+ Kd7 54. Rg8 Kc6 55. Kb3 Rb7+ 56. Kc3 Ra7 57. Rc8+ Kd7 58. Rg8 Kc6 1/2-1/2

[Event "PRO League Group Stage"]
[Site "chess.com INT"]
[Date "2020.02.06"]
[Round "5"]
[White "Martinez Reyes, Pedro Ramon"]
[Black "Ducarmon, Quinten"]
[Result "1-0"]
[WhiteTitle "FM"]
[BlackTitle "IM"]
[WhiteElo "2407"]
[BlackElo "2486"]
[WhiteTeam "Spain Raptors"]
[BlackTeam "Netherlands Mosquitoes"]
[WhiteFideId "3901807"]
[BlackFideId "1025007"]
[EventDate "2020.01.06"]

1. e4 c6 2. c4 d5 3. exd5 cxd5 4. cxd5 Nf6 5. Qa4+ Nbd7 6. Nc3 g6 7. Bc4 Bg7 8.
d3 O-O 9. Nf3 a6 10. Qa3 Nb6 11. Qb3 Nxc4 12. dxc4 b5 13. O-O bxc4 14. Qxc4 a5
15. Rd1 Ba6 16. Qh4 Rb8 17. Bh6 Rxb2 18. Ng5 Rb4 19. Nce4 Nxe4 20. Bxg7 Nxg5 21.
Qh6 Ne4 22. a3 Rb3 23. Rd4 Nd6 24. Rh4 f6 25. Qxh7+ Kf7 26. Bxf8+ Ke8 27. Qg8
Qb6 28. Bxe7+ Kd7 29. Qe6+ 1-0

[Event "PRO League Group Stage"]
[Site "chess.com INT"]
[Date "2020.02.06"]
[Round "5"]
[White "Herrera Reyes, Jose Antonio"]
[Black "Van der Lende, Ilias"]
[Result "0-1"]
[WhiteTitle "FM"]
[BlackTitle "IM"]
[WhiteElo "2304"]
[BlackElo "2393"]
[WhiteTeam "Spain Raptors"]
[BlackTeam "Netherlands Mosquitoes"]
[WhiteFideId "2274914"]
[BlackFideId "1019260"]
[EventDate "2020.01.06"]

1. Nf3 d5 2. g3 Nc6 3. Bg2 e5 4. d3 Bg4 5. O-O Qd7 6. e4 dxe4 7. dxe4 Qxd1 8.
Rxd1 Nd4 9. Nbd2 O-O-O 10. Rf1 Nxc2 11. Rb1 f6 12. Nb3 Be6 13. Bd2 Nb4 14. Be3
b6 15. Rfd1 Rxd1+ 16. Rxd1 Nxa2 17. Bf1 Bd6 18. Nfd2 Nb4 19. Nc4 Be7 20. f4 exf4
21. gxf4 Nh6 22. Nd4 Bxc4 23. Bxc4 Bc5 24. Kg2 Kb7 25. Kf3 Rd8 26. Rd2 Bxd4 27.
Rxd4 Rxd4 28. Bxd4 c5 29. Bc3 Kc6 30. Be6 b5 31. h4 Nd3 32. b3 Kd6 33. Bc8 b4
34. Ba1 Nc1 35. e5+ Ke7 36. Ke4 Nxb3 37. Bb2 c4 38. Bd4 c3 39. Bxa7 c2 40. Bb8
c1=Q 41. Bd6+ Kd8 42. Bb7 Qc4+ 43. Kf3 Nd4+ 44. Ke4 Nb5+ 0-1

[Event "PRO League Group Stage"]
[Site "chess.com INT"]
[Date "2020.02.06"]
[Round "5"]
[White "Gozzoli, Yannick"]
[Black "Meier, Georg"]
[Result "1/2-1/2"]
[WhiteTitle "GM"]
[BlackTitle "GM"]
[WhiteElo "2604"]
[BlackElo "2629"]
[WhiteTeam "France Roosters"]
[BlackTeam "Germany Bears"]
[WhiteFideId "616915"]
[BlackFideId "4675789"]
[EventDate "2020.01.06"]

1. d4 e6 2. c4 b6 3. Nf3 Bb7 4. a3 Nf6 5. Nc3 d5 6. Bg5 Be7 7. Qa4+ Nbd7 8. Bxf6
Bxf6 9. cxd5 exd5 10. e3 a6 11. Be2 O-O 12. O-O c5 13. b4 c4 14. b5 Be7 15. Rfb1
Bd6 16. Qc2 Qe7 17. bxa6 Rxa6 18. a4 Nf6 19. Nd2 Re8 20. Bf3 Bb4 21. Rb2 Ba5 22.
g3 g6 23. Ndb1 Raa8 24. Nb5 Bc8 25. N1c3 Bf5 26. Qd1 Rad8 27. Qf1 Rd7 28. Qg2
Qe6 29. Qf1 Kg7 30. Rd1 g5 31. Bg2 h6 32. h3 h5 33. Kh2 Rh8 34. Qe2 Bg6 35. Kg1
Rc8 36. Kh2 Rh8 37. Kg1 Rc8 38. Kh2 Bf5 39. Qf1 Bh7 40. Qe2 Bg6 41. Qf1 Bf5 42.
Qe2 Bg6 43. Qf1 Rh8 44. Qe2 1/2-1/2